000 00607nam a2200193Ia 4500
008 151121s9999||||xx |||||||||||||| ||und||
082 _a833/रमेश
082 _bHNW-18486
100 _aरमेश एम। ए।-अनु।
245 _aजय-पराजय
260 _b"साहित्य-प्रकाशन, दिल्ली"
260 _c--
300 _a341
600 _aरमेश एम। ए।-अनु।
630 _aजय-पराजय
700 _aरमेश एम। ए।-अनु।
730 _aजय-पराजय
942 _cBOOK
999 _c1220355
_d1220352